000 00619nam a2200229Ia 4500
003 OSt
005 20220923221909.0
006 a|||||r|||| 00| 0
007 ta
008 220922b |||||||| |||| 00| 0 hin d
024 _a200,914
037 _cTextual
040 _aARTS
_cARTS
_bhin
041 _2hin
_ahin
082 _aO168v2:N, 152J1.-;5(TPH)
100 _aगोयलीय
245 0 _aशेर ओ सुख्ं़ान
246 _aSher o sukhan़āna
260 _c1949
942 _hO168v2:N, 152J1.-;5(TPH)
_cTEXL
_2CC
999 _c352577
_d352577